000 01574nam a22002537a 4500
999 _c62423
_d62423
003 Ge_BSU
005 20241030142905.0
008 241030s2022 ge ||||| |||| 00| 0 geo d
020 _a9789941353345
041 _ageo
080 _a159.964.2 :1(430) : 2-584 ტ-67
100 _aტოლე, ეკჰარტ
_923551
245 _aაწმყოს ძალა = The Power of Now /
_cეკჰარტ ტოლე; ინგლისურიდან თარგმნა ხათუნა ბასილაშვილმა; სარედაქციო ჯგუფი: თეა ბარამაშვილი, სალომე საბანაძე, თამარ არათანაშვილი [და სხვა] ; წინასიტყვაობა ნინო ბერუაშვილი
264 _aთბილისი :
_bპალიტრა L,
_c2022.
300 _a268 გვ. ;
_b21 სმ.
653 _aსულიერი ცხოვრება
653 _aცნობიერი
653 _aგერმანული ფილოსოფია
700 _aბასილაშვილი, ხათუნა
_eმთარგმნელი
_97737
700 _aბარამაშვილი, თეა
_eრედაქტორი
_923552
700 _aსაბანაძე, სალომე
_eრედაქტორი
_922097
700 _aარათანაშვილი, თამარ და სხვ.
_eრედაქტორი
_923553
942 _2udc
_cBK